000
00308nam a22001457a 4500
020
_a
81-222-0220-9
082
_a
001
_b
RYA/T
100
_a
RYAN, STEVE
245
_a
TEST YOUR MATH IQ
260
_a
DELHI
_b
STERLING PUBLISHING CO
_c
2002
300
_a
96
520
_a
MATHS IQ
650
_a
G.K
942
_c
BK
999
_c
6726
_d
6726